=LDR 00000nam 2200000 4500 =001 INLIS000000000017424 =005 20130612112629 =008 ***********************************Ind** =035 ##$$0010-061300000017424 =041 ##$$a Ind =082 ##$$a R.720 =090 ##$$a R.720, Cah a =100 ##$$a Cahyono, Gunawan =245 ##$$a Arsitektur, Gunawan Tjahyono =260 ##$$a 2002 $b Jakarta =300 ##$$a 142 hlm, ilus, 30 cm =650 ##$$a Arsitektur =850 ##$$a NBPNMAT